Face Reading/ (Record no. 207092)

MARC details
000 -LEADER
fixed length control field 00539nam a22001817a 4500
005 - DATE AND TIME OF LATEST TRANSACTION
control field 20241127155244.0
010 ## - LCCN (DPL NO)
LC control number ENG-142660
020 ## - INTERNATIONAL STANDARD BOOK NUMBER
International Standard Book Number 9789350571996
Terms of availability 250.00
035 ## - SYSTEM CONTROL NUMBER
System control number EN-126192
037 ## - SOURCE OF ACQUISITION
Source of stock number/acquisition DBAD
082 ## - DEWEY DECIMAL CLASSIFICATION NUMBER
Classification number 133.6
100 ## - MAIN ENTRY--PERSONAL NAME
Personal name Shukla, Ramesh Chandra
245 ## - TITLE STATEMENT
Title Face Reading/
Statement of responsibility, etc By Ramesh Chandra Shukla
260 ## - PUBLICATION, DISTRIBUTION, ETC. (IMPRINT)
Place of publication, distribution, etc New Delhi
Name of publisher, distributor, etc V & S Publishers
Date of publication, distribution, etc 2019
270 ## - ADDRESS
Address F-2/16, Ansari road, Daryaganj, New Delhi
City New Delhi
Postal code 110002
300 ## - PHYSICAL DESCRIPTION
Extent 101p.
Dimensions 21cm(pb)
942 ## - ADDED ENTRY ELEMENTS (KOHA)
Source of classification or shelving scheme Dewey Decimal Classification
Item type English Books
Call number suffix SHU
Classification part 133.6
Holdings
Withdrawn status Lost status Not for loan Collection code Home library Current library Date acquired Source of acquisition Cost, normal purchase price Full call number Barcode Copy number Cost, replacement price Koha item type
      Non-fiction Sarojini Nagar Sarojini Nagar 27/11/2024 Delivery of Books Act Division 250.00 SHU 133.6 EN-126192 1 250.00 English Books

© Delhi Public Library
Hit Counter
free hit counter